Rozdielové metódy riadenia hospodárnosti nákladov - analýza a zhodnotenie danej problematiky vo vybranom podniku diplomová práca

Uložené v:
Podrobná bibliografia
Hlavný autor: Kvaššayová, Zuzana
Korporativný autor: Fakulta hospodárskej informatiky EU. Katedra účtovníctva a audítorstva
Ďalší autori: Maděra, František
Médium: Kniha
Jazyk:Slovak
Vydavateľské údaje: Bratislava 2009
Tagy: Pridať tag
Žiadne tagy, Buďte prvý, kto otaguje tento záznam!

MARC

LEADER 00000nam$a2200000$$$4500
001 0097613
005 20240318134852.5
041 0 |a slo 
044 |a SK 
245 1 0 |a Rozdielové metódy riadenia hospodárnosti nákladov - analýza a zhodnotenie danej problematiky vo vybranom podniku  |b diplomová práca  |c Zuzana Kvaššayová ; škol. František Maděra 
264 1 |a Bratislava  |c 2009 
300 |a 77 s. 
100 1 |a Kvaššayová, Zuzana 
700 1 |a Maděra, František 
710 2 |a Fakulta hospodárskej informatiky EU. Katedra účtovníctva a audítorstva